Hindu law of marriage and divorce / (Record no. 81990)

MARC details
000 -LEADER
fixed length control field 00791nam a22002177a 4500
005 - DATE AND TIME OF LATEST TRANSACTION
control field 20170417165810.0
010 ## - LCCN (DPL NO)
LC control number ENG-109131
020 ## - INTERNATIONAL STANDARD BOOK NUMBER
International Standard Book Number 9789350351734
Terms of availability 350.00
035 ## - SYSTEM CONTROL NUMBER
System control number EN-92664
035 ## - SYSTEM CONTROL NUMBER
System control number B-667546
037 ## - SOURCE OF ACQUISITION
Source of stock number/acquisition DBAD/PUB
082 ## - DEWEY DECIMAL CLASSIFICATION NUMBER
Classification number 346.54016
100 ## - MAIN ENTRY--PERSONAL NAME
Personal name Sukhdev Singh
245 ## - TITLE STATEMENT
Title Hindu law of marriage and divorce /
Statement of responsibility, etc by Sukhdev Singh ; foreworded by A.K. Sikri
260 ## - PUBLICATION, DISTRIBUTION, ETC. (IMPRINT)
Place of publication, distribution, etc Delhi
Name of publisher, distributor, etc Universal Law Publishing
Date of publication, distribution, etc 2012
270 ## - ADDRESS
Address C- FF - 1A, Dilkhush Industrial Estate, G. T. Karnal Road,
City Delhi
Postal code 110033
300 ## - PHYSICAL DESCRIPTION
Extent xxviii,332p.
Dimensions 24cm(pbk)
500 ## - GENERAL NOTE
General note Includes index
942 ## - ADDED ENTRY ELEMENTS (KOHA)
Source of classification or shelving scheme Dewey Decimal Classification
Item type English Books
Call number suffix SUK
Classification part 346.54016
Holdings
Withdrawn status Lost status Not for loan Collection code Home library Current library Date acquired Source of acquisition Cost, normal purchase price Full call number Barcode Copy number Cost, replacement price Koha item type
      Non-fiction Ashok Vihar Ashok Vihar 17/04/2017 BPPD/EN/2013-14/AV/16-17/365/15.02.2017KBD/BL16/24.02.2017/17.03.2017 350.00 346.54016 SUK B-667546 1 350.00 English Books
    Not For Loan Non-fiction D.B.Act.Division D.B.Act.Division 20/01/2014 DBAD/PUB 350.00 346.54016 SUK EN-92664 1 350.00 English Books

© Delhi Public Library
Hit Counter
free hit counter